000
00347nam a2200145Ia 4500
003
OSt
005
20240229160423.0
008
170524s9999 xx 000 0 und d
020
_a
978-8189161293
040
_c
iimtu meerut
100
_a
BURGHATE M A
245
0
_a
ADVERTISING AGENCIES IN INDIA
260
_b
ADHYAYAN : NEW DELHI
942
_2
ddc
_c
02
999
_c
9136
_d
9136